東京メトロ全駅 - Statistics

General Stats
  • This quiz has been taken 20 times
  • The average score is 118 of 185
Answer Stats
ナンバリング 駅名 % Correct
G09 | H09 | M16 銀座
92%
M08 新宿
92%
F16 | 半蔵門線-Z01 | 銀座線-G01 渋谷
85%
G19 浅草
85%
G07 虎ノ門
77%
G11 | T10 日本橋
77%
M17 東京
77%
C11 | M18 | T09 | Z08 大手町
77%
F09 | M25 | Y09 池袋
77%
日比谷線-H01 中目黒
77%
H06 虎ノ門ヒルズ
77%
C18 | H22 北千住
77%
東西線-T01 中野
77%
N10 | T06 | Y13 飯田橋
77%
T16 西葛西
77%
T17 葛西
77%
T23 西船橋
77%
C12 新御茶ノ水
77%
副都心線-F01 | 有楽町線-Y01 和光市
77%
F02 | Y02 地下鉄成増
77%
F03 | Y03 地下鉄赤塚
77%
Y18 有楽町
77%
Y24 新木場
77%
Z14 押上
77%
南北線-N01 目黒
77%
G05 | M13 赤坂見附
69%
G13 神田
69%
G16 | H18 上野
69%
丸ノ内線-M01 荻窪
69%
M06 中野坂上
69%
Mb04 中野富士見町
69%
Mb03 方南町
69%
F13 | M09 新宿三丁目
69%
C07 | M14 国会議事堂前
69%
M20 御茶ノ水
69%
M22 | N11 後楽園
69%
H03 広尾
69%
H04 六本木
69%
C09 | H08 日比谷
69%
H21 南千住
69%
T03 高田馬場
69%
T07 | Z06 九段下
69%
T12 門前仲町
69%
T13 木場
69%
T14 東陽町
69%
T18 浦安
69%
T22 原木中山
69%
千代田線-C01 代々木上原
69%
C03 | F15 明治神宮前
69%
C06 赤坂
69%
C16 西日暮里
69%
C19 綾瀬
69%
C20 北綾瀬
69%
F06 | Y06 小竹向原
69%
Y10 東池袋
69%
N09 | Y14 市ヶ谷
69%
Z07 神保町
69%
Z11 清澄白河
69%
Z13 錦糸町
69%
N02 白金台
69%
N03 白金高輪
69%
C04 | G02 | Z02 表参道
62%
G03 外苑前
62%
G04 | Z03 青山一丁目
62%
G06 | N06 溜池山王
62%
G08 新橋
62%
G12 | Z09 三越前
62%
G18 田原町
62%
M07 西新宿
62%
M12 | N08 四ツ谷
62%
C08 | H07 | M15 霞ヶ関
62%
M23 茗荷谷
62%
M24 新大塚
62%
H02 恵比寿
62%
H11 築地
62%
H13 | T11 茅場町
62%
H14 人形町
62%
H16 秋葉原
62%
H17 仲御徒町
62%
T02 落合
62%
T04 早稲田
62%
T05 神楽坂
62%
T08 竹橋
62%
T15 南砂町
62%
C02 代々木公園
62%
C05 乃木坂
62%
C14 根津
62%
Y11 護国寺
62%
N07 | Y16 | Z04 永田町
62%
Y19 銀座一丁目
62%
Y21 月島
62%
Y22 豊洲
62%
Z05 半蔵門
62%
Z10 水天宮前
62%
N04 麻布十番
62%
N19 赤羽岩淵
62%
G10 京橋
54%
G15 上野広小路
54%
M02 南阿佐ヶ谷
54%
M05 新中野
54%
M10 新宿御苑前
54%
M19 淡路町
54%
M21 本郷三丁目
54%
H05 神谷町
54%
H10 東銀座
54%
H12 八丁堀
54%
T19 南行徳
54%
T20 行徳
54%
T21 妙典
54%
C13 湯島
54%
C15 千駄木
54%
C17 町屋
54%
F07 | Y07 千川
54%
F08 | Y08 要町
54%
Y12 江戸川橋
54%
Y17 桜田門
54%
Y20 新富町
54%
Y23 辰巳
54%
Z12 住吉
54%
N16 王子
54%
F10 雑司が谷
54%
F11 西早稲田
54%
F12 東新宿
54%
G14 末広町
46%
G17 稲荷町
46%
M03 新高円寺
46%
M04 東高円寺
46%
Mb05 中野新橋
46%
M11 四谷三丁目
46%
H15 小伝馬町
46%
H19 入谷
46%
H20 三ノ輪
46%
C10 二重橋前
46%
N05 六本木一丁目
46%
N13 本駒込
46%
N14 駒込
46%
N15 西ヶ原
46%
N17 王子神谷
46%
F14 北参道
46%
F04 | Y04 平和台
38%
F05 | Y05 氷川台
38%
Y15 麹町
38%
N12 東大前
38%
N18 志茂
31%
No matching quizzes found
Score Distribution
Percent of People with Each Score
Percentile by Number Answered
Your Score History
You have not taken this quiz